[Event "FICGS W-ch qf2 email"]
[Site "FICGS email"]
[Date "2012.01.01"]
[Round "8"]
[White "Bergmann, Michael"]
[Black "Thiering, Erwin"]
[Result "1-0"]
[WhiteElo "2475"]
[BlackElo "2515"]
[PlyCount "63"]
[EventDate "2012.??.??"]
[EventType "match (corr)"]
[EventRounds "5"]
[SourceTitle "Corr 2022"]
[Source "ChessBase"]
[SourceDate "2021.10.24"]
[SourceVersion "1"]
[SourceVersionDate "2021.10.24"]
[SourceQuality "1"]

1. e4 e5 2. Nf3 Nf6 3. Nxe5 d6 4. Nf3 Nxe4 5. d4 d5 6. Bd3 Bd6 7. 0-0 0-0 8. c4 c6 9. Qc2 Na6 10. a3 Bg4 11. Ne5 Bxe5 12. dxe5 Nac5 13. f3 Nxd3 14. Qxd3 Nc5 15. Qd4 Nb3 16. Qxg4 Nxa1 17. Bh6 g6 18. Nc3 Qb6+ 19. Rf2 Rfe8 20. Qf4 Qc7 21. Re2 Re6 22. Kf1 d4 23. Qxd4 Nb3 24. Qe3 Na5 25. Qf4 f6 26. b4 Nb3 27. c5 Qd7 28. Qc4 Nd4 29. Re4 Nf5 30. exf6 Rae8 31. Bf4 b5 32. cxb6 1-0

[Event "GER-ch38 fin email"]
[Site "GER email"]
[Date "2009.??.??"]
[Round "?"]
[White "Baron, Marek"]
[Black "Thiering, Erwin"]
[Result "1/2-1/2"]
[WhiteElo "2308"]
[BlackElo "2314"]
[PlyCount "100"]
[EventDate "2009.??.??"]
[EventType "tourn (corr)"]
[EventRounds "12"]
[EventCountry "GER"]
[SourceTitle "Corr 2020"]
[Source "ChessBase"]
[SourceDate "2019.09.30"]
[SourceVersion "1"]
[SourceVersionDate "2019.09.30"]
[SourceQuality "1"]

1. e4 g6 2. d4 Bg7 3. Nc3 d6 4. f4 Nd7 5. Nf3 c6 6. Be2 b5 7. 0-0 Bb7 8. e5 Nh6 9. Ne4 0-0 10. Neg5 Nb6 11. Bd3 a6 12. f5 dxe5 13. fxg6 hxg6 14. Qe1 c5 15. dxe5 c4 16. Be4 Bxe4 17. Nxe4 Nd5 18. Kh1 Qb6 19. Neg5 c3 20. b3 Rad8 21. a4 b4 22. a5 Qb7 23. Qe4 Qc8 24. e6 f6 25. Qxg6 fxg5 26. Bxg5 Ng4 27. h3 Nf4 28. Bxf4 Rxf4 29. hxg4 Rf6 30. Qe4 Rh6+ 31. Kg1 Qc5+ 32. Rf2 Rd4 33. Qf5 Qxf5 34. gxf5 Rf4 35. Rd1 Rxf5 36. Re2 Rxa5 37. Rd8+ Kh7 38. Re8 Bf6 39. Rb8 Ra1+ 40. Kf2 a5 41. g4 Kg6 42. g5 Rh8 43. gxf6 Rxb8 44. Ne5+ Kf5 45. Nd7 Rh8 46. f7 Rah1 47. Ke3 a4 48. bxa4 Kxe6 49. f8Q Rxf8 50. Nxf8+ Kd5 1/2-1/2

[Event "GER-ch38 fin email"]
[Site "GER email"]
[Date "2009.??.??"]
[Round "?"]
[White "Moll, Reinhard"]
[Black "Thiering, Erwin"]
[Result "1/2-1/2"]
[WhiteElo "2296"]
[BlackElo "2314"]
[PlyCount "91"]
[EventDate "2009.??.??"]
[EventType "tourn (corr)"]
[EventRounds "12"]
[EventCountry "GER"]
[SourceTitle "Corr 2020"]
[Source "ChessBase"]
[SourceDate "2019.09.30"]
[SourceVersion "1"]
[SourceVersionDate "2019.09.30"]
[SourceQuality "1"]

1. e4 g6 2. d4 Bg7 3. Nc3 d6 4. f4 Nd7 5. Nf3 c6 6. a4 a5 7. Be2 Nh6 8. h3 f5 9. e5 Nb6 10. Bd3 e6 11. Qe2 Bd7 12. b3 dxe5 13. dxe5 Bf8 14. 0-0 Bb4 15. Bd2 0-0 16. Qf2 Nf7 17. Be3 Nd5 18. Nxd5 cxd5 19. c4 Bc6 20. Nd4 Qe7 21. Nc2 Rfd8 22. Rad1 Rdc8 23. c5 Bc3 24. Be2 g5 25. Bh5 Kh8 26. Bxf7 Qxf7 27. Rd3 d4 28. Nxd4 Bxd4 29. Rxd4 gxf4 30. Bxf4 Rg8 31. g3 Rg7 32. Qe3 Qg6 33. Kh2 h5 34. h4 Bd5 35. Rxd5 exd5 36. Bg5 Re8 37. Bf6 Qxf6 38. exf6 Rxe3 39. fxg7+ Kxg7 40. Rxf5 d4 41. Rxh5 Rxb3 42. Kg2 Ra3 43. c6 bxc6 44. Rxa5 Kf6 45. g4 d3 46. Kf3 1/2-1/2

[Event "GER-ch38 fin email"]
[Site "GER email"]
[Date "2009.??.??"]
[Round "?"]
[White "Zautzig, Hubert"]
[Black "Thiering, Erwin"]
[Result "1/2-1/2"]
[WhiteElo "2280"]
[BlackElo "2314"]
[PlyCount "117"]
[EventDate "2009.??.??"]
[EventType "tourn (corr)"]
[EventRounds "12"]
[EventCountry "GER"]
[SourceTitle "Corr 2020"]
[Source "ChessBase"]
[SourceDate "2019.09.30"]
[SourceVersion "1"]
[SourceVersionDate "2019.09.30"]
[SourceQuality "1"]

1. e4 g6 2. d4 Bg7 3. Nc3 d6 4. Nf3 a6 5. h3 b5 6. a4 b4 7. Nd5 a5 8. Bd3 Bb7 9. 0-0 e6 10. Bg5 Qc8 11. Ne3 Nf6 12. e5 dxe5 13. dxe5 Nd5 14. Nxd5 Bxd5 15. c4 bxc3 16. bxc3 Nd7 17. Re1 0-0 18. Be4 Bxe4 19. Rxe4 Qb7 20. Qc2 Rfb8 21. Rd1 c5 22. Ree1 Ra7 23. Be7 Qb3 24. Qe4 Qxc3 25. Bd6 Rbb7 26. Ng5 Bh6 27. Nxf7 Kxf7 28. Qh4 Kg7 29. Qe7+ Kh8 30. Qxe6 Qb3 31. Qxb3 Rxb3 32. e6 Nf6 33. Be5 Kg7 34. Ba1 Rb8 35. h4 Re7 36. g4 Rbe8 37. g5 Kg8 38. Rd6 Ng4 39. gxh6 Nxh6 40. Bf6 Rb7 41. Ra6 Nf5 42. h5 Nd4 43. Kg2 Rb4 44. hxg6 hxg6 45. e7 Kf7 46. Rh1 Ne6 47. Bc3 Rg4+ 48. Kf3 Rf4+ 49. Ke3 g5 50. Rh7+ Kg6 51. Rg7+ Kf5 52. Rf7+ Kg6 53. Rxf4 gxf4+ 54. Ke4 Rxe7 55. Be5 Kg5 56. Rxa5 Kg4 57. Rb5 Ng5+ 58. Kd5 Nh3 59. Rb2 1/2-1/2

[Event "GER-Cup16 Z-405 email"]
[Site "GER email"]
[Date "2008.??.??"]
[Round "?"]
[White "Schultz, Bernfried"]
[Black "Thiering, Erwin"]
[Result "0-1"]
[WhiteElo "2048"]
[BlackElo "2314"]
[PlyCount "154"]
[EventDate "2008.??.??"]
[EventType "tourn (corr)"]
[EventRounds "6"]
[EventCountry "GER"]
[SourceTitle "Corr 2011"]
[Source "ChessBase"]
[SourceDate "2010.08.31"]
[SourceVersion "1"]
[SourceVersionDate "2010.08.31"]
[SourceQuality "1"]

1. e4 g6 2. d4 Bg7 3. Nc3 d6 4. Nf3 a6 5. Be2 b5 6. 0-0 Bb7 7. Re1 e6 8. d5 Qd7 9. dxe6 fxe6 10. e5 dxe5 11. Bd3 Qe7 12. Nxe5 Nf6 13. Bg5 Nbd7 14. Nxd7 Qxd7 15. a4 Qc6 16. Ne4 0-0 17. axb5 axb5 18. Bxf6 Rxa1 19. Qxa1 Bxf6 20. Nxf6+ Rxf6 21. Be4 Qb6 22. Bxb7 Qxb7 23. b4 Kf7 24. Rd1 Qc6 25. Qb2 g5 26. Rd8 g4 27. Qc1 h5 28. Rh8 Qd6 29. Rh7+ Ke8 30. Rxh5 Qxb4 31. c3 Qb3 32. Qe1 Kd7 33. Qd2+ Kc6 34. Re5 Rf5 35. Re1 Rc5 36. Qe3 Qxc3 37. Qxe6+ Kb7 38. Qe4+ Ka7 39. g3 b4 40. Kg2 Rc4 41. Qd5 Qxe1 42. Qa5+ Kb8 43. Qb5+ Kc8 44. Qa6+ Kd8 45. Qxc4 Qc3 46. Qxg4 b3 47. Qg5+ Kd7 48. Qd5+ Ke7 49. Qg5+ Kd6 50. Qd8+ Kc6 51. Qa8+ Kc5 52. Qb8 c6 53. Qa7+ Kc4 54. Qf7+ Kd3 55. Qf5+ Kd2 56. Qf4+ Kc2 57. Qf5+ Kc1 58. Qf4+ Qd2 59. Qc4+ Qc2 60. Qf4+ Kb1 61. h4 b2 62. h5 Ka1 63. Qe5 Ka2 64. Qa5+ Kb3 65. Qb6+ Ka3 66. Qe3+ Qb3 67. Qc5+ Qb4 68. Qa7+ Kb3 69. Qh7 Kc3 70. Qb1 Qd6 71. h6 Qxh6 72. Qe4 Qd6 73. Qf3+ Kb4 74. Qe4+ Kb3 75. Qf3+ Ka2 76. Qe2 Qa3 77. g4 c5 0-1

[Event "GER-ch36 fin email"]
[Site "GER email"]
[Date "2007.01.27"]
[Round "?"]
[White "Thiering, Erwin"]
[Black "Raupach, Frank"]
[Result "1-0"]
[WhiteElo "2314"]
[BlackElo "2174"]
[PlyCount "105"]
[EventDate "2006.??.??"]
[EventType "tourn (corr)"]
[EventRounds "12"]
[EventCountry "GER"]
[SourceTitle "Corr 2008"]
[Source "ChessBase"]
[SourceDate "2008.06.24"]
[SourceVersion "1"]
[SourceVersionDate "2008.06.24"]
[SourceQuality "1"]

1. g3 d5 2. Bg2 Nf6 3. Nf3 c6 4. 0-0 Bg4 5. d3 h6 6. c4 dxc4 7. Ne5 Nbd7 8. Nxc4 Nb6 9. Nba3 g6 10. Na5 Bc8 11. b4 Bg7 12. Bb2 0-0 13. Rb1 Re8 14. b5 Nbd5 15. Qd2 cxb5 16. Nxb5 a6 17. Nd4 e5 18. Nc2 Re7 19. Nc4 b5 20. Nxe5 Bb7 21. e3 Rc8 22. Rfc1 Nb6 23. Bxb7 Rxb7 24. Nb4 Qd6 25. Rxc8+ Nxc8 26. Rc1 Ne7 27. Nec6 Nfd5 28. Nxd5 Qxd5 29. Nxe7+ Rxe7 30. Rc8+ Kh7 31. Bxg7 Kxg7 32. Qb4 Qe5 33. Ra8 h5 34. h4 Kh7 35. Rxa6 Rc7 36. Qd6 Qxd6 37. Rxd6 Ra7 38. Rb6 Kg7 39. Rxb5 Rxa2 40. Kg2 f5 41. Rb1 Kf6 42. Kf3 Rd2 43. d4 Ra2 44. Re1 Ra5 45. Kf4 Ra2 46. f3 Rd2 47. Ra1 Rf2 48. d5 Kf7 49. Ra6 Rf1 50. d6 Rb1 51. d7 Rd1 52. Kg5 Rxd7 53. Rf6+ 1-0

[Event "GER-ch31 final email"]
[Site "GER email"]
[Date "2007.01.23"]
[Round "?"]
[White "Hechler, Georg"]
[Black "Thiering, Erwin"]
[Result "1/2-1/2"]
[WhiteElo "2318"]
[BlackElo "2339"]
[PlyCount "64"]
[EventDate "2007.??.??"]
[EventType "tourn (corr)"]
[EventRounds "12"]
[EventCountry "GER"]
[SourceTitle "Corr 2011"]
[Source "ChessBase"]
[SourceDate "2010.08.31"]
[SourceVersion "1"]
[SourceVersionDate "2010.08.31"]
[SourceQuality "1"]

1. e4 g6 2. d4 Bg7 3. Nc3 d6 4. f4 Nd7 5. Nf3 c6 6. Bd3 e5 7. fxe5 dxe5 8. d5 Ngf6 9. dxc6 bxc6 10. 0-0 0-0 11. Kh1 Qe7 12. b3 Nh5 13. a4 Rd8 14. Ba3 Qe8 15. Ne2 Nf4 16. Nxf4 exf4 17. Rb1 h6 18. Qe1 Ne5 19. Nxe5 Bxe5 20. Bc5 Be6 21. Qf2 Qd7 22. Rbd1 Qc7 23. Be2 Qa5 24. Bf3 Rac8 25. Rxd8+ Rxd8 26. Bxa7 Rd2 27. Qc5 Qxc5 28. Bxc5 Rxc2 29. b4 h5 30. Rd1 g5 31. a5 g4 32. a6 gxf3 1/2-1/2

[Event "GER-ch31 final email"]
[Site "GER email"]
[Date "2007.01.23"]
[Round "?"]
[White "Thalmann, Frank"]
[Black "Thiering, Erwin"]
[Result "0-1"]
[WhiteElo "2334"]
[BlackElo "2339"]
[PlyCount "94"]
[EventDate "2007.??.??"]
[EventType "tourn (corr)"]
[EventRounds "12"]
[EventCountry "GER"]
[SourceTitle "Corr 2011"]
[Source "ChessBase"]
[SourceDate "2010.08.31"]
[SourceVersion "1"]
[SourceVersionDate "2010.08.31"]
[SourceQuality "1"]

1. Nf3 g6 2. d4 Bg7 3. c4 c5 4. e4 cxd4 5. Nxd4 Nc6 6. Be3 Nf6 7. Nc3 0-0 8. Be2 b6 9. 0-0 Bb7 10. f3 Rc8 11. Qd2 Nh5 12. Ndb5 Ne5 13. g4 Nf6 14. b3 a6 15. Nd4 d6 16. g5 Nfd7 17. Rad1 Nc5 18. f4 Ned7 19. Bf3 e5 20. fxe5 Nxe5 21. Bg2 Re8 22. h3 Qe7 23. Nd5 Bxd5 24. cxd5 b5 25. a3 a5 26. Qf2 b4 27. axb4 Ned3 28. Qf3 Nxb4 29. Nb5 Nbd3 30. Bd4 Ne5 31. Qe3 Qd7 32. Na3 a4 33. bxa4 Qxa4 34. Nb1 Nb3 35. Bc3 Rc4 36. Kh1 Rec8 37. Rde1 Nc5 38. Nd2 Ng4 39. Qf3 Rxc3 40. Qxf7+ Kh8 41. hxg4 Rc2 42. e5 Qxg4 43. Qf3 Qxg5 44. Qh3 Nd3 45. Qxd3 R8c3 46. Qb5 h5 47. Re2 Rxd2 0-1

[Event "GER-ch31 final email"]
[Site "GER email"]
[Date "2007.01.23"]
[Round "?"]
[White "Thiering, Erwin"]
[Black "Looschelders, Willi"]
[Result "1/2-1/2"]
[WhiteElo "2339"]
[BlackElo "2269"]
[PlyCount "59"]
[EventDate "2007.??.??"]
[EventType "tourn (corr)"]
[EventRounds "12"]
[EventCountry "GER"]
[SourceTitle "Corr 2011"]
[Source "ChessBase"]
[SourceDate "2010.08.31"]
[SourceVersion "1"]
[SourceVersionDate "2010.08.31"]
[SourceQuality "1"]

1. g3 e5 2. Bg2 d5 3. d3 Nf6 4. Nd2 c6 5. e4 dxe4 6. dxe4 Bc5 7. Ngf3 0-0 8. 0-0 Qc7 9. Qe2 Be6 10. a4 Nbd7 11. b3 Rab8 12. Bb2 b5 13. h3 h6 14. Rfd1 Rfd8 15. Ne1 Bd6 16. Nd3 Nc5 17. Nf3 Nxd3 18. Rxd3 Nd7 19. axb5 cxb5 20. Nh4 a5 21. Nf5 Bf8 22. Ne3 a4 23. Nd5 Qb7 24. Rd2 Ra8 25. b4 Qc6 26. Bf1 Nb6 27. Qxb5 Qxb5 28. Bxb5 Nxd5 29. exd5 Bxb4 30. Rdd1 1/2-1/2

[Event "GER-ch36 fin email"]
[Site "GER email"]
[Date "2006.10.08"]
[Round "?"]
[White "Thiering, Erwin"]
[Black "Klapp, Herwig"]
[Result "1-0"]
[WhiteElo "2343"]
[BlackElo "2293"]
[PlyCount "63"]
[EventDate "2006.??.??"]
[EventType "tourn (corr)"]
[EventRounds "12"]
[EventCountry "GER"]
[SourceTitle "Corr 2008"]
[Source "ChessBase"]
[SourceDate "2008.06.24"]
[SourceVersion "1"]
[SourceVersionDate "2008.06.24"]
[SourceQuality "1"]

1. g3 e5 2. Bg2 d5 3. d3 Nc6 4. Nf3 g6 5. c4 d4 6. 0-0 Bg7 7. Nbd2 Nge7 8. Rb1 a5 9. a3 0-0 10. b4 axb4 11. axb4 Re8 12. b5 Na5 13. Qc2 Bf5 14. Ba3 c6 15. b6 Nc8 16. c5 Ne7 17. Bb4 Nd5 18. Ne4 Bxe4 19. dxe4 Nxb4 20. Rxb4 Qe7 21. Ra1 Ra6 22. Rba4 Rea8 23. e3 dxe3 24. Bf1 exf2+ 25. Kh1 Bf8 26. Bxa6 Rxa6 27. Kg2 Qxc5 28. Qxc5 Bxc5 29. Rxa5 Rxa5 30. Rxa5 Bxb6 31. Ra8+ Kg7 32. Rb8 1-0

[Event "GER-ch36 fin email"]
[Site "GER email"]
[Date "2006.03.30"]
[Round "?"]
[White "Stern, Werner"]
[Black "Thiering, Erwin"]
[Result "1/2-1/2"]
[WhiteElo "2364"]
[BlackElo "2343"]
[PlyCount "42"]
[EventDate "2006.??.??"]
[EventType "tourn (corr)"]
[EventRounds "12"]
[EventCountry "GER"]
[SourceTitle "Corr 2008"]
[Source "ChessBase"]
[SourceDate "2008.06.24"]
[SourceVersion "1"]
[SourceVersionDate "2008.06.24"]
[SourceQuality "1"]

1. e4 g6 2. d4 Bg7 3. Nc3 d6 4. f4 c6 5. Nf3 Nd7 6. Bc4 Nh6 7. 0-0 Nb6 8. Bb3 e6 9. f5 exf5 10. exf5 Bxf5 11. Qe1+ Kd7 12. Bf4 Ng4 13. Qd2 Nf6 14. Ng5 Rf8 15. Nxf7 Rxf7 16. Bxf7 d5 17. h3 Qe7 18. g4 Ne4 19. Qd3 Qxf7 20. gxf5 gxf5 21. Kh2 Qe6 1/2-1/2

[Event "GER-ch35 final email"]
[Site "GER email"]
[Date "2006.??.??"]
[Round "?"]
[White "Grimm, Karl Friedrich"]
[Black "Thiering, Erwin"]
[Result "1/2-1/2"]
[WhiteElo "2201"]
[BlackElo "2314"]
[PlyCount "98"]
[EventDate "2006.??.??"]
[EventType "tourn (corr)"]
[EventRounds "15"]
[EventCountry "GER"]
[SourceTitle "Corr 2008"]
[Source "ChessBase"]
[SourceDate "2008.06.24"]
[SourceVersion "1"]
[SourceVersionDate "2008.06.24"]
[SourceQuality "1"]

1. d4 g6 2. c4 Bg7 3. e4 c5 4. Nf3 cxd4 5. Nxd4 Nc6 6. Be3 Nf6 7. Nc3 0-0 8. Be2 b6 9. 0-0 Bb7 10. f3 Rc8 11. Qd2 Nh5 12. Rfd1 Nf4 13. Bf1 Ne6 14. Ncb5 Ncxd4 15. Nxd4 Qc7 16. Nb5 Qb8 17. Nc3 Be5 18. g3 f5 19. Qxd7 Nc5 20. Qxe7 Rce8 21. Qh4 Bf6 22. Qh3 fxe4 23. f4 Bg7 24. Nb5 Nd3 25. Bxd3 exd3 26. Rxd3 Ba8 27. Re1 Qb7 28. Rd5 Re7 29. Re2 Qa6 30. Rd7 Qc8 31. Red2 a6 32. Na7 Qe8 33. Bf2 Rxd7 34. Qxd7 Qe4 35. Rd5 Kh8 36. Nc6 Qxc4 37. Rd6 Qc1+ 38. Kg2 Qxb2 39. Re6 b5 40. Kg1 Qc1+ 41. Kg2 a5 42. Be3 Qc2+ 43. Kh3 h5 44. g4 Bxc6 45. Qxc6 hxg4+ 46. Kg3 Qd3 47. Kxg4 Qf5+ 48. Kg3 Bf6 49. Qe4 Qxe4 1/2-1/2

[Event "GER-ch35 final email"]
[Site "GER email"]
[Date "2006.??.??"]
[Round "?"]
[White "Thiering, Erwin"]
[Black "Bellmann, Herbert"]
[Result "1/2-1/2"]
[WhiteElo "2314"]
[BlackElo "2293"]
[PlyCount "91"]
[EventDate "2006.??.??"]
[EventType "tourn (corr)"]
[EventRounds "15"]
[EventCountry "GER"]
[SourceTitle "Corr 2011"]
[Source "ChessBase"]
[SourceDate "2010.08.31"]
[SourceVersion "1"]
[SourceVersionDate "2010.08.31"]
[SourceQuality "1"]

1. g3 Nf6 2. Bg2 d5 3. Nf3 c6 4. 0-0 Bf5 5. c4 e6 6. d3 Bc5 7. Nh4 Bg4 8. h3 Bh5 9. Qb3 b6 10. Nc3 Nbd7 11. Rd1 0-0 12. d4 Bd6 13. cxd5 Nxd5 14. Nf3 Bg6 15. Bg5 Be7 16. Bxe7 Qxe7 17. Rac1 Rac8 18. Ne1 N7f6 19. Nd3 Nxc3 20. Qxc3 Be4 21. e3 Bxg2 22. Kxg2 Rfd8 23. b4 Qb7 24. Kg1 Nd5 25. Qb3 Ne7 26. a3 Qd7 27. Ne5 Qe8 28. e4 Rd6 29. Nf3 Rcd8 30. Re1 Qd7 31. Rc3 Qc8 32. a4 Qa8 33. Rec1 Rc8 34. Qc2 Rdd8 35. a5 Qb7 36. Ra3 Rc7 37. axb6 axb6 38. Rca1 Rcd7 39. Kg2 Qc7 40. h4 h6 41. Qc3 Nc8 42. h5 Qb7 43. Ne5 Rd6 44. Ra8 f6 45. Nf3 R6d7 46. Qc2 1/2-1/2

[Event "GER-ch35 final email"]
[Site "GER email"]
[Date "2006.??.??"]
[Round "?"]
[White "Thiering, Erwin"]
[Black "Looschelders, Willi"]
[Result "1/2-1/2"]
[WhiteElo "2314"]
[BlackElo "2293"]
[PlyCount "91"]
[EventDate "2006.??.??"]
[EventType "tourn (corr)"]
[EventRounds "15"]
[EventCountry "GER"]
[SourceTitle "Corr 2008"]
[Source "ChessBase"]
[SourceDate "2008.06.24"]
[SourceVersion "1"]
[SourceVersionDate "2008.06.24"]
[SourceQuality "1"]

1. g3 e5 2. Bg2 d5 3. d3 Nf6 4. Nd2 c6 5. e4 dxe4 6. dxe4 Bc5 7. Ngf3 0-0 8. 0-0 Qc7 9. Qe2 Be6 10. b3 Nbd7 11. Bb2 b5 12. h3 h6 13. Ne1 Rfe8 14. Nd3 Bd4 15. c3 Bb6 16. Rfd1 Nc5 17. Nxc5 Bxc5 18. c4 a6 19. Rac1 Nd7 20. Kh2 b4 21. Nf3 Be7 22. Ne1 Nc5 23. Nd3 Nxd3 24. Rxd3 Rad8 25. Rcd1 Rxd3 26. Rxd3 Bc5 27. Qd2 f6 28. f4 exf4 29. gxf4 a5 30. Bf3 Kh7 31. Bd4 Be7 32. Bf2 Rd8 33. Rxd8 Qxd8 34. Qxd8 Bxd8 35. f5 Bf7 36. Kg2 Be8 37. Ba7 Bc7 38. Kf2 g5 39. c5 Be5 40. Bb6 Bf7 41. Bxa5 Bd4+ 42. Ke2 Bxc5 43. e5 Bd5 44. e6 Bxf3+ 45. Kxf3 Be7 46. Kg4 1/2-1/2

[Event "GER-ch35 final email"]
[Site "GER email"]
[Date "2006.??.??"]
[Round "?"]
[White "Thiering, Erwin"]
[Black "Mehlhorn, Wolfgang"]
[Result "1/2-1/2"]
[WhiteElo "2314"]
[BlackElo "2132"]
[PlyCount "93"]
[EventDate "2006.??.??"]
[EventType "tourn (corr)"]
[EventRounds "15"]
[EventCountry "GER"]
[SourceTitle "Corr 2008"]
[Source "ChessBase"]
[SourceDate "2008.06.24"]
[SourceVersion "1"]
[SourceVersionDate "2008.06.24"]
[SourceQuality "1"]

1. g3 e5 2. Bg2 d5 3. d3 Nf6 4. Nd2 Bc5 5. e3 0-0 6. Ne2 Nc6 7. 0-0 Bf5 8. h3 Be6 9. a3 a5 10. b3 Re8 11. Bb2 Qd6 12. Nf3 Bb6 13. d4 exd4 14. exd4 a4 15. b4 Bf5 16. Kh2 Be4 17. Nf4 Ba7 18. Re1 b5 19. c3 Ne7 20. Ra2 Nf5 21. Bc1 Qc6 22. Bd2 Nd7 23. Bf1 Nd6 24. Ng5 Nf6 25. Nxe4 Nfxe4 26. f3 Nf6 27. Nd3 Nd7 28. Nc5 Bxc5 29. bxc5 Rxe1 30. Qxe1 Re8 31. Qf2 Nc4 32. Bf4 h6 33. Bd3 Qb7 34. Bc1 Nf6 35. g4 c6 36. h4 Qc7+ 37. Kg2 Kf8 38. g5 Ng8 39. f4 f6 40. f5 Qe7 41. g6 Qd7 42. h5 Ne7 43. Re2 Ng8 44. Kh3 Rxe2 45. Qxe2 Ne7 46. Kg4 Ke8 47. Qh2 1/2-1/2

[Event "GER-ch35 final email"]
[Site "GER email"]
[Date "2006.??.??"]
[Round "?"]
[White "Thiering, Erwin"]
[Black "Von Rein, Guenter"]
[Result "1-0"]
[WhiteElo "2314"]
[BlackElo "2227"]
[PlyCount "113"]
[EventDate "2006.??.??"]
[EventType "tourn (corr)"]
[EventRounds "15"]
[EventCountry "GER"]
[SourceTitle "Corr 2008"]
[Source "ChessBase"]
[SourceDate "2008.06.24"]
[SourceVersion "1"]
[SourceVersionDate "2008.06.24"]
[SourceQuality "1"]

1. g3 Nf6 2. Bg2 d5 3. Nf3 c5 4. 0-0 Nc6 5. d4 e6 6. c4 dxc4 7. Ne5 Bd7 8. Na3 cxd4 9. Naxc4 Bc5 10. Qb3 0-0 11. Bf4 Qc8 12. Rfd1 Nd5 13. Nxd7 Qxd7 14. Ne5 Qe7 15. Nxc6 bxc6 16. Be5 Rfd8 17. Qc4 Rac8 18. Rac1 Bb6 19. Bxd4 Bxd4 20. Rxd4 c5 21. Bxd5 Qg5 22. Rg4 Qxd5 23. Qc3 g6 24. Rc4 Qd2 25. Rc2 Qd5 26. a3 Qb7 27. f3 Qd7 28. Kg2 Qe7 29. Qe3 Qb7 30. Rxc5 Rxc5 31. Qxc5 Qb3 32. Qc3 Qxc3 33. Rxc3 Rd2 34. Kf2 Rxb2 35. Rc7 a5 36. Rc5 Ra2 37. Rxa5 h5 38. h4 Kg7 39. Ra7 Kf6 40. Ra5 e5 41. Ra7 Ke6 42. a4 Kf6 43. a5 Ra3 44. a6 Ra4 45. e4 Ra2+ 46. Ke3 Ra3+ 47. Ke2 Kg7 48. Ra8 f6 49. g4 Kh7 50. gxh5 gxh5 51. Kd2 Kg7 52. Kc2 Kh7 53. Kb2 Ra5 54. Kb3 Ra1 55. Kc4 Kg7 56. Kb5 Rb1+ 57. Kc6 1-0

[Event "GER-ch36 V3 email"]
[Site "GER email"]
[Date "2004.03.29"]
[Round "?"]
[White "Bender, Klaus"]
[Black "Thiering, Erwin"]
[Result "0-1"]
[WhiteElo "2193"]
[BlackElo "2314"]
[PlyCount "56"]
[EventDate "2004.03.29"]
[EventType "tourn (corr)"]
[EventRounds "10"]
[EventCountry "GER"]
[SourceTitle "Corr 2008"]
[Source "ChessBase"]
[SourceDate "2008.06.24"]
[SourceVersion "1"]
[SourceVersionDate "2008.06.24"]
[SourceQuality "1"]

1. Nc3 g6 2. e4 Bg7 3. Bc4 e6 4. Nge2 Ne7 5. d4 d5 6. Bd3 0-0 7. Bg5 h6 8. Bf4 dxe4 9. Nxe4 Nd5 10. Bd2 Nc6 11. 0-0 e5 12. c3 exd4 13. Nxd4 Nxd4 14. cxd4 Kh7 15. Qf3 c6 16. Bc3 f5 17. Nc5 b6 18. Nb3 a5 19. Rfe1 Qd6 20. a4 Bb7 21. Bd2 Qd7 22. Rac1 Rfe8 23. Bc4 Nf6 24. Qd3 Rad8 25. Qh3 Rxe1+ 26. Rxe1 Ne4 27. Bf4 b5 28. axb5 cxb5 0-1

[Event "GER-ch35 V6 email"]
[Site "GER email"]
[Date "2003.03.22"]
[Round "?"]
[White "Hartung, Thomas"]
[Black "Thiering, Erwin"]
[Result "0-1"]
[WhiteElo "2112"]
[BlackElo "2306"]
[PlyCount "72"]
[EventDate "2003.12.21"]
[EventType "tourn (corr)"]
[EventRounds "10"]
[EventCountry "GER"]
[SourceTitle "Corr 2008"]
[Source "ChessBase"]
[SourceDate "2008.06.24"]
[SourceVersion "1"]
[SourceVersionDate "2008.06.24"]
[SourceQuality "1"]

1. e4 g6 2. d4 Bg7 3. Nc3 d6 4. f4 Nd7 5. Nf3 a6 6. Be3 b5 7. Bd3 Bb7 8. e5 Nh6 9. Be4 Qc8 10. Qd3 c6 11. Ng5 d5 12. Bf3 a5 13. 0-0 b4 14. Ne2 Ba6 15. Qd2 0-0 16. a3 Nb6 17. b3 Ng4 18. Rfe1 Nxe3 19. Qxe3 e6 20. axb4 axb4 21. c3 bxc3 22. Nxc3 h6 23. Nh3 Nd7 24. Ra5 Qb7 25. Rea1 Rfb8 26. Nf2 Bf8 27. Qc1 Qb6 28. Qd2 Bb4 29. R5a4 c5 30. Nd3 Bxd3 31. Rxa8 c4 32. Rxb8+ Nxb8 33. Kh1 Qxd4 34. Rc1 Nd7 35. bxc4 dxc4 36. f5 Qxe5 0-1

[Event "GER-ch35 V6 email"]
[Site "GER email"]
[Date "2003.03.22"]
[Round "?"]
[White "Osbahr, Thomas"]
[Black "Thiering, Erwin"]
[Result "1/2-1/2"]
[WhiteElo "2095"]
[BlackElo "2306"]
[PlyCount "62"]
[EventDate "2003.12.21"]
[EventType "tourn (corr)"]
[EventRounds "10"]
[EventCountry "GER"]
[SourceTitle "Corr 2008"]
[Source "ChessBase"]
[SourceDate "2008.06.24"]
[SourceVersion "1"]
[SourceVersionDate "2008.06.24"]
[SourceQuality "1"]

1. d4 g6 2. c4 Bg7 3. Nf3 c5 4. d5 d6 5. e4 Nf6 6. Nc3 0-0 7. Bg5 h6 8. Bh4 Qa5 9. Nd2 g5 10. Bg3 Nxe4 11. Ndxe4 f5 12. Qd2 fxe4 13. Nxe4 Qxd2+ 14. Kxd2 Bxb2 15. Re1 b5 16. Rb1 Ba3 17. Kc2 Nd7 18. Rxb5 Bb4 19. Kb3 Nf6 20. Nxf6+ Rxf6 21. Be2 a6 22. Rxb4 cxb4 23. Kxb4 Bf5 24. h4 Rc8 25. hxg5 hxg5 26. a4 Kg7 27. f3 Rh6 28. Rxh6 Kxh6 29. Ka5 Bc2 30. Bf2 Bb3 31. Kxa6 Bxa4 1/2-1/2

[Event "GER-ch31 final email"]
[Site "GER email"]
[Date "2002.??.??"]
[Round "?"]
[White "Helmreich, Rudolf"]
[Black "Thiering, Erwin"]
[Result "1-0"]
[WhiteElo "2291"]
[BlackElo "2289"]
[PlyCount "63"]
[EventDate "2002.??.??"]
[EventType "tourn (corr)"]
[EventRounds "16"]
[EventCountry "GER"]
[SourceTitle "Corr 2011"]
[Source "ChessBase"]
[SourceDate "2010.08.31"]
[SourceVersion "1"]
[SourceVersionDate "2010.08.31"]
[SourceQuality "1"]

1. e4 g6 2. d4 Bg7 3. Nc3 d6 4. f4 Nc6 5. Be3 Nh6 6. Nf3 e6 7. Qd2 Ng4 8. Bg1 a6 9. 0-0-0 Ne7 10. e5 h5 11. h3 Nh6 12. Bf2 b6 13. Bd3 Bb7 14. Qe2 Qd7 15. Rhe1 d5 16. Kb1 Qc8 17. Qd2 Rb8 18. Bf1 Nef5 19. Be2 c5 20. Rg1 c4 21. g4 hxg4 22. hxg4 Ne7 23. Bh4 Neg8 24. Bf6 Bxf6 25. exf6 Nxf6 26. f5 exf5 27. g5 Ne4 28. Nxe4 dxe4 29. Ne5 b5 30. gxh6 Qe6 31. Bh5 gxh5 32. h7 1-0

[Event "GER-ch31 final email"]
[Site "GER email"]
[Date "2002.??.??"]
[Round "?"]
[White "Thiering, Erwin"]
[Black "Joppich, Ulrich"]
[Result "1/2-1/2"]
[WhiteElo "2289"]
[BlackElo "2244"]
[PlyCount "38"]
[EventDate "2002.??.??"]
[EventType "tourn (corr)"]
[EventRounds "16"]
[EventCountry "GER"]
[SourceTitle "Corr 2011"]
[Source "ChessBase"]
[SourceDate "2010.08.31"]
[SourceVersion "1"]
[SourceVersionDate "2010.08.31"]
[SourceQuality "1"]

1. g3 g6 2. Bg2 Bg7 3. d4 c5 4. dxc5 Na6 5. e4 Nxc5 6. Ne2 d6 7. Nbc3 Nf6 8. e5 dxe5 9. Qxd8+ Kxd8 10. h3 Bd7 11. Be3 Rc8 12. 0-0-0 b6 13. g4 Kc7 14. f4 Ne8 15. Rhe1 e6 16. Ng1 f5 17. fxe5 Bxe5 18. Bxc5 Bxc3 19. Be3 Bxe1 1/2-1/2